000 01153nam a22003137a 4500
003 CHAP
005 20220329141030.0
008 971013s1981 r 00010 d
010 _a61563
011 _a62535
035 _a66709
040 _cCHAP
090 _aTesis
100 0 0 _aSales Carmona, Roberto.
_9101564
245 _aEstudio epidemiológico sobre algunos padecimientos de las vías respiratorias e intestinales que frecuentemente se presentan en la comunidad rural de San Luis Taximay en el estado de Hidalgo
260 _aMéxico, D.F. :
_bEl autor,
_c1981
300 _a121 h.
_b: ilus.
502 _aTesis (Químico Bacteriólogo y Parasitólogo) -- IPN. Escuela Nacional de Ciencias Biológicas
590 _aALEPH
_b10
_c20130110
_lUCH01
_h1343
590 _aBATCH-UPD
_b10
_c20130110
_lUCH01
_h0425
590 _aBATCH-UPD
_b10
_c20130410
_lUCH01
_h0100
590 _aBATCH-UPD
_b10
_c20130914
_lUCH01
_h2002
590 _aCONVERSION
_b10
_c20130109
_lUCH01
_h1333
650 1 4 _aRespiración.
_996165
650 1 4 _aSalud pública rural.
_9101845
901 _aBK
942 _cTESIS
949 _bBC
_cTES
_d-151933
_eTS1
_h30586
_i66709
_si
999 _c61563
_d61563